Forum lectures agriculture.
Đã lưu trong:
| Định dạng: | Sách giấy |
|---|---|
| Ngôn ngữ: | English |
| Được phát hành: |
Washington, D.C. :
U. S. Information Agency,
[1966]
|
| Các nhãn: |
Thêm thẻ
Không có thẻ, Là người đầu tiên thẻ bản ghi này!
|
| Thư viện lưu trữ: | Thư viện Trường Đại học Đà Lạt |
|---|
| LEADER | 00566nam a2200253 4500 | ||
|---|---|---|---|
| 001 | DLU100112721 | ||
| 005 | ##20101026 | ||
| 040 | # | # | |a DLU |b vie |
| 041 | # | # | |a eng |
| 044 | # | # | |a us |
| 082 | # | # | |a 630 |b VOI |
| 245 | # | # | |a Forum lectures agriculture. |
| 260 | # | # | |a Washington, D.C. : |b U. S. Information Agency, |c [1966] |
| 300 | # | # | |a 235 p. ; |c 26 cm. |
| 923 | # | # | |a 100/2010 |
| 992 | # | # | |a 0 |
| 994 | # | # | |a DLU |
| 900 | # | # | |a True |
| 911 | # | # | |a Lý Thị Hồng Hạnh |
| 925 | # | # | |a G |
| 926 | # | # | |a A |
| 927 | # | # | |a SH |
| 980 | # | # | |a Thư viện Trường Đại học Đà Lạt |